Return of the wild : (Record no. 12837)

000 -LEADER
fixed length control field 00544cam a22001694a 4500
020 ## - INTERNATIONAL STANDARD BOOK NUMBER
ISBN 1559639261 (hardcover : alk. paper)
020 ## - INTERNATIONAL STANDARD BOOK NUMBER
ISBN 155963927X (pbk. : alk. paper)
040 ## - CATALOGING SOURCE
Transcribing agency DLC
082 00 - DEWEY DECIMAL CLASSIFICATION NUMBER
Classification number 333 LSL 2001 A021 Or.
245 00 - TITLE STATEMENT
Title Return of the wild :
Remainder of title the future of our natural lands /
260 ## - PUBLICATION, DISTRIBUTION, ETC. (IMPRINT)
Place of publication Washington, D.C. :
Name of publisher Island Press,
Year of publication c2001.
300 ## - PHYSICAL DESCRIPTION
Number of Pages 257 p., [14] p. of plates :
Other physical details col. ill., maps (some col.) ;
Dimensions 24 cm.
650 #0 - SUBJECT ADDED ENTRY--TOPICAL TERM
Topical Term Wilderness areas
650 #0 - SUBJECT ADDED ENTRY--TOPICAL TERM
Topical Term Nature conservation
700 1# - ADDED ENTRY--PERSONAL NAME
Personal name Kerasote, Ted.
942 ## - ADDED ENTRY ELEMENTS (KOHA)
Koha item type សៀវភៅភាសាអង់គ្លេស
952 ## - LOCATION AND ITEM INFORMATION (KOHA)
Withdrawn status [LOCAL, KOHA] 0
Holdings
Permanent Location Date acquired Koha item type Lost status Shelving location Barcode Current Location Full call number
Library Block A2017-08-17សៀវភៅភាសាអង់គ្លេស A021A15671Library Block A333 LSL 2001 A021 Or.
មជ្ឈមណ្ឌលឯការនៃសាកលវិទ្យាល័យភូមិន្ទកសិកម្មចំការដូង

Powered by Koha